| Tag |
First Indicator |
Second Indicator |
Subfields |
| LEADER |
00000cam a2200000Mi 4500 |
| 001 |
in00003565739 |
| 006 |
m o d |
| 007 |
cr mnu---uuaaa |
| 008 |
121227s2001 gw a o 000 0 eng |
| 005 |
20260420220151.4 |
| 020 |
|
|
|a 9783642565601 (electronic bk.)
|
| 020 |
|
|
|a 3642565603 (electronic bk.)
|
| 020 |
|
|
|z 9783540411666
|
| 020 |
|
|
|z 3540411666
|
| 035 |
|
|
|a (OCoLC)851775141
|
| 040 |
|
|
|a AU@
|b eng
|c AU@
|d OCLCO
|d OCLCQ
|d GW5XE
|d OCLCF
|d UtOrBLW
|
| 049 |
|
|
|a TXAM
|
| 050 |
|
4 |
|a HD4801-8943
|
| 072 |
|
7 |
|a KCF
|2 bicssc
|
| 072 |
|
7 |
|a BUS038000
|2 bisacsh
|
| 082 |
0 |
4 |
|a 331
|2 23
|
| 100 |
1 |
|
|a Riphahn, Regina T.
|
| 245 |
1 |
0 |
|a Employment Policy in Transition :
|b the Lessons of German Integration for the Labor Market /
|c edited by Regina T. Riphahn, Dennis J. Snower, Klaus F. Zimmermann.
|
| 264 |
|
1 |
|a Berlin, Heidelberg :
|b Springer Berlin Heidelberg,
|c 2001.
|
| 300 |
|
|
|a 1 online resource (vi, 302 pages 32 illustrations)
|
| 336 |
|
|
|a text
|b txt
|2 rdacontent
|
| 337 |
|
|
|a computer
|b c
|2 rdamedia
|
| 338 |
|
|
|a online resource
|b cr
|2 rdacarrier
|
| 520 |
|
|
|a The book summarises the major lessons from the East German labor market in transition and puts them into context with the first experiences in the other transition countries. After an introduction to the subject and an overview of labor market developments in East Germany, part 1 of this volume turns to specific issues of adjustment: wage trends, business start-ups, and early retirement. Part 2 reviews the policy options available in the transformation process and their labor market implications: wage subsidies, profit sharing, invested pay, further education, and various forms of active labor market policy. The final chapter draws parallels with the experience of other transition economies.
|
| 500 |
|
|
|a Electronic resource.
|
| 650 |
|
0 |
|a Economics.
|
| 650 |
|
0 |
|a Labor economics.
|
| 650 |
|
0 |
|a Political science.
|
| 650 |
|
7 |
|a Economics.
|2 fast
|0 (OCoLC)fst00902116
|
| 650 |
|
7 |
|a Labor economics.
|2 fast
|0 (OCoLC)fst00989943
|
| 650 |
|
7 |
|a Political science.
|2 fast
|0 (OCoLC)fst01069781
|
| 655 |
|
7 |
|a Electronic books.
|2 local
|
| 700 |
1 |
|
|a Snower, Dennis J.
|
| 700 |
1 |
|
|a Zimmermann, Klaus F.
|
| 710 |
2 |
|
|a SpringerLink (Online service)
|
| 776 |
1 |
8 |
|i Print version:
|z 9783540411666
|
| 856 |
4 |
0 |
|u http://proxy.library.tamu.edu/login?url=https://link.springer.com/10.1007/978-3-642-56560-1
|z Connect to the full text of this electronic book
|t 0
|
| 994 |
|
|
|a 92
|b TXA
|
| 999 |
|
|
|a MARS
|
| 999 |
f |
f |
|s 1efb83d5-9589-383c-ae29-90385ebb05ca
|i 30a1af8a-ef5a-3437-860d-c0cd7426f175
|t 0
|
| 952 |
f |
f |
|a Texas A&M University
|b College Station
|c Electronic Resources
|s www_evans
|d Available Online
|t 0
|e HD4801-8943
|h Library of Congress classification
|
| 998 |
f |
f |
|a HD4801-8943
|t 0
|l Available Online
|